Foreign Direct Investment (Record no. 448)

MARC details
000 -LEADER
fixed length control field 00426nam a22001697a 4500
005 - DATE AND TIME OF LATEST TRANSACTION
control field 20160503103149.0
008 - FIXED-LENGTH DATA ELEMENTS--GENERAL INFORMATION
fixed length control field 160503b xxu||||| |||| 00| 0 eng d
020 ## - INTERNATIONAL STANDARD BOOK NUMBER
ISBN 81-7188312-5
041 ## - LANGUAGE CODE
Language code of text/sound track or separate title eng
082 ## - DEWEY DECIMAL CLASSIFICATION NUMBER
Item number 1146
100 ## - MAIN ENTRY--AUTHOR NAME
Personal name Planning Commission Govt. of India
245 ## - TITLE STATEMENT
Title Foreign Direct Investment
260 ## - PUBLICATION, DISTRIBUTION, ETC. (IMPRINT)
Place of publication New Delhi
Name of publisher Academic Faundation
Year of publication 2002
300 ## - PHYSICAL DESCRIPTION
Number of Pages 119
650 ## - SUBJECT ADDED ENTRY--TOPICAL TERM
Topical Term Management
942 ## - ADDED ENTRY ELEMENTS (KOHA)
Koha item type Books
Holdings
Lost status Damaged status Collection code Home library Current library Shelving location Date acquired Cost, normal purchase price Full call number Accession Number Koha item type
    MANAGEMENT JRU Library JRU Library SHELF-71-A 03/05/2016 350.00 1146 1146 Books
    MANAGEMENT JRU Library JRU Library SHELF-71-A 03/05/2016 350.00 1146 1147 Books
    MANAGEMENT JRU Library JRU Library SHELF-71-A 03/05/2016 350.00 1146 1148 Books
    MANAGEMENT JRU Library JRU Library SHELF-71-A 03/05/2016 350.00 1146 1149 Books
    MANAGEMENT JRU Library JRU Library SHELF-71-A 03/05/2016 350.00 1146 1150 Books